<?xml version="1.0" encoding="UTF-8"?>
<marc:record xmlns:marc="http://www.loc.gov/MARC21/slim">
   <marc:leader>00000nam a2200000 a 4500</marc:leader>
   <marc:datafield ind1="1" ind2=" " tag="100">
      <marc:subfield code="a">Baborie, Ariana</marc:subfield>
      <marc:subfield code="4">aut</marc:subfield>
      <marc:subfield code="e">Verfasser/-in</marc:subfield>
   </marc:datafield>
   <marc:datafield ind1="1" ind2=" " tag="100">
      <marc:subfield code="a">Larsson, Laura</marc:subfield>
      <marc:subfield code="4">aut</marc:subfield>
      <marc:subfield code="e">Verfasser/-in</marc:subfield>
   </marc:datafield>
   <marc:datafield ind1=" " ind2=" " tag="653">
      <marc:subfield code="a">Gesellschaft</marc:subfield>
   </marc:datafield>
   <marc:datafield ind1=" " ind2=" " tag="653">
      <marc:subfield code="a">Wirtschaft</marc:subfield>
   </marc:datafield>
   <marc:datafield ind1=" " ind2=" " tag="653">
      <marc:subfield code="a">Fiktionale Darstellung</marc:subfield>
   </marc:datafield>
   <marc:datafield ind1=" " ind2=" " tag="653">
      <marc:subfield code="a">Erzählende Literatur</marc:subfield>
   </marc:datafield>
   <marc:datafield ind1="0" ind2="0" tag="245">
      <marc:subfield code="a">Herrengedeck</marc:subfield>
   </marc:datafield>
   <marc:datafield ind1="0" ind2="0" tag="245">
      <marc:subfield code="b">Geschichten, die wir nüchtern niemals erzählen würden</marc:subfield>
   </marc:datafield>
   <marc:datafield ind1="0" ind2="0" tag="245">
      <marc:subfield code="c">Ariana Baborie, Laura Larsson</marc:subfield>
   </marc:datafield>
   <marc:datafield ind1=" " ind2="1" tag="264">
      <marc:subfield code="a">Köln</marc:subfield>
      <marc:subfield code="b">Kiepenheuer &amp; Witsch</marc:subfield>
      <marc:subfield code="c">2019</marc:subfield>
   </marc:datafield>
   <marc:datafield ind1="1" ind2=" " tag="490">
      <marc:subfield code="a">KiWi</marc:subfield>
      <marc:subfield code="v">1681</marc:subfield>
   </marc:datafield>
   <marc:datafield ind1=" " ind2=" " tag="250">
      <marc:subfield code="a">1. Auflage</marc:subfield>
   </marc:datafield>
   <marc:datafield ind1="1" ind2=" " tag="520">
      <marc:subfield code="a">Angaben aus der Verlagsmeldung

Herrengedeck : Geschichten, die wir nüchtern niemals erzählen würden Baborie, Herrengedeck / von Ariana Baborie, Laura Larsson

»Herrengedeck« ist mit 100.000 Downloads pro Woche einer der erfolgreichsten Podcasts Deutschlands. Seine Macherinnen holen ihre Leser da ab, wo Rollenklischees und Peinlichkeit aufhören – OK WOW! Die Autorinnen wohnen zwar in Berlin und machen was mit Medien, aber bei ihnen herrscht Hippie-Blumenkranz-Verbot, sie fahren nicht mit dem Fixie zur Arbeit und Einhörner sind für sie nicht niedlich, sondern Pferde mit Gendefekt. Sie trinken samstagabends nicht Prosseco, sondern Bier und Korn. Die beiden wollen aufklären, zum Beispiel darüber, ob man beim One-Night-Stand die Beißschiene einsetzen darf, warum der Plural von »Ära« Eros Ramazotti ist und warum es niemandem peinlich sein muss, mit vor Fett triefenden Haaren zum Friseur zu gehen. Ihr Ziel: Sie wollen möglichst viele Menschen zum Lachen bringen. Random Facts und Life Hacks dürfen nicht fehlen: Wussten Sie, dass auf dem Mond drei Golfbälle liegen und alle in England lebenden Schwäne der Queen gehören?
</marc:subfield>
   </marc:datafield>
   <marc:datafield ind1=" " ind2=" " tag="020">
      <marc:subfield code="a">9783462051667</marc:subfield>
      <marc:subfield code="9">9783462051667</marc:subfield>
   </marc:datafield>
   <marc:datafield ind1=" " ind2=" " tag="020">
      <marc:subfield code="a">3462051660</marc:subfield>
      <marc:subfield code="9">3462051660</marc:subfield>
   </marc:datafield>
   <marc:datafield ind1=" " ind2=" " tag="041">
      <marc:subfield code="a">ger</marc:subfield>
   </marc:datafield>
   <marc:datafield ind1=" " ind2=" " tag="300">
      <marc:subfield code="a">201 Seiten</marc:subfield>
   </marc:datafield>
</marc:record>
